Exportwege neu - Kursbuch 1 Wirtschaftsdeutsch

Enregistré dans:
Détails bibliographiques
Auteur principal: Volgnandt, Gabriele
Autres auteurs: Volgnandt, Dieter
Format: Livre
Langue:allemand
Publié: [Leipzig] SCHUBERT-Verlag 2009
Édition:1. Auflage
Sujets:
Tags: Ajouter un tag
Pas de tags, Soyez le premier à ajouter un tag!

MARC

LEADER 00000nam a2200000 4500
001 0240300
005 20240226134056.8
020 |a 978-3-941323-00-1 
041 0 |a ger 
044 |a DE 
245 1 0 |a Exportwege neu - Kursbuch 1  |b Wirtschaftsdeutsch  |c Gabriele Volgnandt, Dieter Volgnandt 
250 |a 1. Auflage 
264 1 |a [Leipzig]  |b SCHUBERT-Verlag  |c 2009 
300 |a 208 s.  |e CDI + CD2 
610 2 0 |a jazykoveda 
610 2 0 |a jazyky cudzie 
610 2 0 |a nemčina 
610 2 0 |a politika hospodárska 
610 2 0 |a obchod 
610 2 0 |a terminológia 
100 1 |a Volgnandt, Gabriele 
700 1 |a Volgnandt, Dieter